Statistiques concernant Quiz sur Nice

Cliquez ici pour prendre le quiz!

Statistiques générales

  • Ce quiz a été pris 124 fois
  • Le résultat moyen est 14 sur 30

Statistiques - réponses

QuestionsRéponses% Correct
Comment appelle t'on les habitants ?Les niçois
95%
Dans quelle département la ville est-elle située ?Alpes Maritimes
88%
Nom de la célèbre PromenadePromenade des Anglais / Anglais
88%
Qui est le maire?Christian Estrosi
82%
Célèbre évenement présent depuis 1873Carnaval de Nice
77%
Célèbre HotelNegresco
75%
Quel est le nom du stade de foot?Allianz Riviera
74%
Dans quelle région la ville est-elle située?Provence Alpes Cote d'Azur
73%
Nom de l'aéroportAéroport Nice Cote d'Azur / Nice Cote d'Azur
69%
nombre de mosquées5
67%
Nom du journal niçoisNice Matin
63%
Grand musée connuMusée Masséna
60%
En combien de cantons la ville est divisée ?9
52%
langue niçoisele Nissart
52%
Ancien stade de NiceStade du Ray / Ray
48%
Nombres de musées à Nice12
46%
Quel est le nom du port?Port Lympia / Lympia
44%
Emblématique place de la villePlace Garibaldi
41%
Nom de la mer à NiceMer Méditérrannée
35%
nombres d'églises26
31%
rue qui traverse le Vieux-Nice parallèlement à la merCours Saleya
27%
Célébre colline niçoiseColline de Cimiez / Cimiez
24%
Nom de l'universitéUniversité Nice Sophia Antipolis / Sophia Antipolis / Antipolis
13%
Quartier ancien de NiceVieille Ville
12%
Petit fleuve traversant la villeMagnan
9%
Nom d'un parc connu NiçoisParc Phénix
6%
Célèbre CathédraleCathédrale Saint Nicolas / Saint Nicolas/ Nicolas
5%
danse niçoisefarandole
3%
Célèbre chapelle dite des pénitents noirsChapelle de la Miséricorde / Miséricorde
0%
devise de la villeNicaea fidelissima
0%

Distribution des résultats

Percentile par nombre de réponses

% des personnes avec chaque résultat

Votre développement - résultats

Vous n’avez pas pris ce quiz